000 00326nam a22001337a 4500
008 170606b xxu||||| |||| 00| 0 eng d
020 _a2900495913138
041 _aeng
080 _25 ED
_a94
100 _a18
101 _aSHH
245 _aTHE EARTH AND ITS PEOPLES A GLOBAL HISTORY
_cBULLIET.R.M
942 _2udc
_cBK
999 _c16041
_d16041